000 00560nam a2200193Ia 4500
001 22874
003 GE_BSU
008 181216s||||||||xx |||||||||||||| ||und||
040 _cGE_BSU
245 _aГеоморфология. №2. Апрель-Июнь 2018.
245 _cГл.ред.Чичагов В.П.
260 _aМосква
260 _c2018
300 _a114 стр. 23см.
653 _aГеоморфология. №2. Апрель-Июнь 2018.
653 _aПериодика
653 _aპერიოდიკა
942 _cCR
999 _c55777
_d55777